000 01106cab a2200253 4500
001 WB2947-01
008 090401t1993 xxu||||| |||| 00| 0 eng d
035 _a(Sirsi) u5267
041 _aeng
245 _aAlternative dispute resolution
260 _c1993
350 _a0
490 _aTimes
_v17 December 1993, 34(1)
520 _aIn a practice statement on 10 December, the judge sitting in the Commercial Court of the Queen`s Bench Division urged parties involved in arbitration disputes to make use of alternative dispute resolution facilities although recognising that the Commercial Court is the primary forum for resolving commercial cases.
650 _aALTERNATIVE DISPUTE RESOLUTION
650 _aALTERNATIVE DISPUTE RESOLUTION
650 _aMANAGEMENT-DISPUTE AVOIDANCE, MANAGEMENT AND RESOLUTION-DISPUTE MANAGEMENT AND RESOLUTION-ARBITRATION
650 _aCOMMERCIAL COURT
650 _aCONCILIATION
650 _aMEDIATION
690 _aMANAGEMENT-DISPUTE AVOIDANCE, MANAGEMENT AND RESOLUTION-DISPUTE MANAGEMENT AND RESOLUTION-ARBITRATION
942 _n0
948 _c04/03/1997
999 _c3139
_d3139